Quantity Surveyor Services scope of services (Record no. 121586)

MARC details
000 -LEADER
fixed length control field 01353nam a22002177a 4500
008 - FIXED-LENGTH DATA ELEMENTS--GENERAL INFORMATION
fixed length control field 230629s2022 xxk|||||o|||| 00| 0 eng d
041 ## - LANGUAGE CODE
Language code of text/sound track or separate title eng
110 ## - MAIN ENTRY--CORPORATE NAME
Corporate author Royal Institution of Chartered Surveyors
245 ## - TITLE STATEMENT
Title Quantity Surveyor Services scope of services
Subtitle England & Wales
Medium [Electronic resource]
260 ## - PUBLICATION INFORMATION
Place of publication London,
Publisher Royal Institution of Chartered Surveyors,
Date 2022
300 ## - PHYSICAL DESCRIPTION
Physical description 13p.
490 ## - SERIES TITLE
Series statement RICS Standard Form
520 ## - ABSTRACT
Abstract RICS has published a new edition of their RICS Forms of Consultant’s Appointment, which are intended to be used by clients. Members and others involved in the appointment of surveyors are encouraged to use these forms when considering surveyors for a wide variety of different disciplines within the construction process and related fields.<br/>Quantity Surveyor Services provides a comprehensive set of those surveyor services present for Quantity Surveyors.
520 ## - ABSTRACT
Abstract For use with the RICS Standard or RICS Short Forms of Consultant’s Appointment<br/>
650 ## - KEYWORDS
Keywords APPOINTMENT
651 ## - SUBJECT ADDED ENTRY--GEOGRAPHIC NAME
Geographic name England
651 ## - SUBJECT ADDED ENTRY--GEOGRAPHIC NAME
Geographic name Wales
710 ## - ADDED CORPORATE NAME
Added corporate author Royal Institution of Chartered Surveyors
856 ## - ONLINE RESOURCE
Uniform Resource Identifier <a href="https://www.rics.org/content/dam/ricsglobal/documents/standards/building-surveying-standards/standard-forms-of-consultation/8-quantity-surveyor-services_ew_may-2022.pdf">https://www.rics.org/content/dam/ricsglobal/documents/standards/building-surveying-standards/standard-forms-of-consultation/8-quantity-surveyor-services_ew_may-2022.pdf</a>
Public note Available free on RICS.org
942 ## - ADDED ENTRY ELEMENTS (KOHA)
Suppress in OPAC Do not suppress in OPAC
Holdings
Lost status Damaged status Not for loan Current library Shelving location Date acquired Total Checkouts Full call number Date last seen Price effective from Koha item type
      Virtual Online 29/06/2023   ONLINE PUBLICATION 29/06/2023 29/06/2023 Online material